Заметки (черновые) А. Ф. Кони и газетные вырезки на тему "Гипноз"

Доступно только в Электронных читальных залах Найти на картеНа карте
RUSMARC
00003599nmc2a22002411x 450
001c78519b8-e3f6-44b6-8947-542462d175ca
00520131008102143.0
100##$a20130529l1927 k y0rusy50 ca
1010#$arus
102##$aRU
105##$ay z |||||
2001#$aЗаметки (черновые) А. Ф. Кони и газетные вырезки на тему "Гипноз"
$j[19--]
215##$a12 листов
$cмарка
251##$cДело
300##$aЧасть текста рукописная, часть напечатана типографским способом
300##$aЛист 12 - конверт со штампом и маркой
330##$aДокументальные материалы, отложившиеся в результате творческой деятельности А. Ф. Кони; Статьи А. Ф. Кони по этике и публицистического характера
461#0$10013a54f2e3-e9cf-409b-80fa-f0a9bd3c40cb
$12001
$aКони Анатолий Федорович, юрист, литератор, член академии наук, председатель Санкт-Петербургского окружного суда, член государственного совета
$1251
$cФонд
$1852
$j564
462#0$100178a475cd-a47d-4377-bff3-cee4b81de655
$12001
$aОпись дел фонда А. Ф. Кони за 1880-1931 гг.
$1251
$cОпись
$1852
$j1
600#1$aКони
$bА. Ф.
$f1844-1927
$gАнатолий Федорович
801#0$aRU
$bGA_RF
801#1$aRU
$bНПО Опыт
$c20130529
$2rusmarc
801#2$aRU
$bПБ им. Б.Н. Ельцина
$c20131008
$gRCR
$2rusmarc
852##$aГА РФ
$j182
937##$d38185327
$hПБ
035##$aRuPRLIB51001081
Формат отображения